00620nam a2200157 a 450000100100000000500170001000800410002702000150006804000130008310000280009624501380012426001070026230000310036950000210040050000410042100000558720200929151722.0090820s1977 sp 001 0 spa d a8400036948 aDO-SdBNP1 aMoreno Febrian, Alfredo13aEl corregidor de indios y la economía peruana del siglo XVIII/ :blos repartos forzozos de mercancías: /cAlfredo Moreno Cebrian. aMadrid :bConsejo superior de investigaciones cientificas instuto <>,c1977. a801 p. :bdiagr. ;c24 cm. aIncluye índice aIncluye nota al pie de las páginas